000 00199 a2200097 4500
001 29007
100 _a
245 _aVector& Tensor Analysis
260 _a
_bDover pubs inc
_c
090 _c19379
_d19379
942 _aNUST-CAE
_c
_c10423
999 _c264080
_d264080